|
|
|
|
| LEADER |
00967nam a2200205Ia 4500 |
| 001 |
CTU_229455 |
| 008 |
210402s9999 xx 000 0 und d |
| 020 |
|
|
|c 30000
|
| 082 |
|
|
|a 519.2
|
| 082 |
|
|
|b T103
|
| 100 |
|
|
|a Võ, Văn Tài
|
| 245 |
|
0 |
|a Giáo trình Xác suất thống kê
|
| 245 |
|
0 |
|c Võ Văn Tài, Dương Thị Tuyền (Biên soạn)
|
| 260 |
|
|
|a Cần Thơ
|
| 260 |
|
|
|b Đại học Cần Thơ
|
| 260 |
|
|
|c 2016
|
| 520 |
|
|
|a Tổng quát về xác suất và công thức tính xác suất; biến ngẫu nhiên và một số luật phân phối xác suất thông dụng; thống kê và dữ liệu; ước lượng tham số thống kê; kiểm định giả thiết thống kê; mô hình hồi qui
|
| 650 |
|
|
|a Xác suất thống kê,Mathematical statistics
|
| 910 |
|
|
|b nthai
|
| 980 |
|
|
|a Trung tâm Học liệu Trường Đại học Cần Thơ
|